00333nam a2200121Ia 4500008004100000041000800041082002000049100001900069245002500088260005600113300003100169365001100200240624s9999 xx 000 0 und d aeng a338.5024658 CHA aCHATURVEDI D D aMANAGERIAL ECONOMICS c2011aNew DelhibInternational Book House Pvt. Ltd. avii, : 710 : p. : cm. ; 24 cRSb30